Регионална библиотека "Любен Каравелов" - Русе

[Кръсте Петков] К. П. Мисирков (Запис номер 50067)

MARC детайли
000 -Лидер
Контролно поле с фиксирана дължина 01847nam a2200373 c 4500
003 - Код на организацията, давaща контролен номер
Контролно поле BLK
005 - Дата и час на последна редакция
Контролно поле 20240313005501.0
008 - Елементи от данни с фиксирана дължина
fixed length control field 180408b bul|||||r ||||||| ||bul||
010 ## - Наследен системен номер
LC control number KNG00053937000
040 ## - Източник на каталожния запис
Идентификатор на билиотеката - собственик на записа BLK
041 ## - Код за език
Код за езика на текст/звукозапис или на отделно заглавие Украински
Код за езика КДБФ Други славянски езици
080 ## - УДК
Текстов определител УДК Народни песни
УДК код - определител по УДК 398.8
УДК определител (497)
УДК - код + определител 398.8(497)
080 ## - УДК
Текстов определител УДК Българска литература
УДК код - определител по УДК 821.163.2
УДК определител -13.09
УДК - код + определител 821.163.2-13.09
080 ## - УДК
Текстов определител УДК Български филолог и публицист
УДК код - определител по УДК 929 Мисирков, Кръсте Петков
УДК - код + определител 929 Мисирков, Кръсте Петков
100 1# - Редна дума - Автор
Автор Арнаудов, Михаил Петров
R(LIN) 33558
139 ## - Редно поле
Редна дума Арнаудов, Михаил Петров
Авторски знак Арн - А 87
245 10 - Сведения за заглавието
Заглавие [Кръсте Петков] К. П. Мисирков
Подзаглавни данни Южно-словянскiя сказанiя о женитьбе короля Волкошина в связи с вопросом о причинах популярности короля Марка среди южных словян : Рец.
Редно поле (дума) Михаил Петров Арнаудов.
257 ## - Страна на издаване
Страна на създаване/издаване България
260 ## - Област на издателските данни
Година на издаване 1910
300 ## - Физическа характеристика
Страници 10 с.
Размери/Мащаб 24 см
380 ## - Жанр
Жанр Обществени науки
490 ## - СЕРИИ (Колекции)
9 (RLIN) 396381
Име на серия Частна колекция - Академик Михаил Арнаудов
Бележки за серията Дарение - Основен фонд
500 ## - Общи забележки
Забележка Отпеч. от Период. списание, Т. LХХІ, 1910. - Кн. е неразрязана
600 14 - Име на лице, използвано като предмет
За него / За нея Мисирков, Кръсте Петков
9 (RLIN) 282995
650 #4 - Допълнително описание по предмет – тема
Основно описание – тема или топоним Народни песни, български - теми, образи, сюжети
9 (RLIN) 248712
659 ## - Тематичен бюлетин
Тематичен бюлетин А
852 ## - Местоположение
Форматна сигнатура МА 3507
856 4# - Електронен адрес и достъп
Електронен формат pdf - файл
856 4# - Електронен адрес и достъп
Електронен формат pdf - файл
999 ## - СИСТЕМНИ КОНТРОЛНИ НОМЕРА
Koha biblionumber 50067
Koha biblioitemnumber 50067
942 ## - АРТИКУЛИ
Вид на библиотечния материал Книги
Скрит в OPAC Не
Периодичен библиозапис Да
944 ## - СЪЗДАВАНЕ И РЕДАКЦИЯ на ЗАПИСА
Създаване/Редакция Създаване
Дата на регистрацията/редакция 14.09.2016
Служител, извършил регистрацията/редакцията
Статус, дата на статуса CRON CRON
944 ## - СЪЗДАВАНЕ И РЕДАКЦИЯ на ЗАПИСА
Създаване/Редакция Редакция
Дата на регистрацията/редакция 14.09.2016
Служител, извършил регистрацията/редакцията Геновева_Генчева
999 ## - СИСТЕМНИ КОНТРОЛНИ НОМЕРА
Koha biblioitemnumber 50067
Наличности
Код за отписване Код за изгубен артикул Източник на класификационната схема Код за повреда Коз за рестрикции Код за отдаване Артикулен № Име на библиотеката - собственик Име на библиотеката, в която се намира в момента Статус (Текущо местоположение) Дата на вписване в системата Местоположение - отдел Цена в лева Инвентарен номер Систематично азбучна сигнатура Баркод Номер на екземпляра Цена в евро Служебна бележка Служебен тип на артикула
  Не е изгубен Universal Decimal Classification Не е повреден само за читалня Специални фондове ( старопечатни, редки и ценни, фонд М. Арнаудов) 78254 Регионална библиотека "Любен Каравелов" Русе Регионална библиотека "Любен Каравелов" Русе Фонд "Михаил Арнаудов" 1973-01-01 Фонд "Михаил Арнаудов" 1.00 591325 МА 3507 120000591325 1 0.51 Дост: DA Вид: А N: стар фонд Дата: 01.01.1973 Книги
  Не е изгубен Universal Decimal Classification Не е повреден   Специални фондове ( старопечатни, редки и ценни, фонд М. Арнаудов) 747976 Регионална библиотека "Любен Каравелов" Русе Регионална библиотека "Любен Каравелов" Русе Фонд "Михаил Арнаудов" 2019-10-22 Фонд "Михаил Арнаудов" 8.00   МА 3507 120000836796   4.09   Книги
  Не е изгубен Universal Decimal Classification Не е повреден   Специални фондове ( старопечатни, редки и ценни, фонд М. Арнаудов) 747977 Регионална библиотека "Любен Каравелов" Русе Регионална библиотека "Любен Каравелов" Русе Фонд "Михаил Арнаудов" 2019-10-22 Фонд "Михаил Арнаудов" 8.00   МА 3507 120000836795   4.09   Книги
  Не е изгубен Universal Decimal Classification Не е повреден   Специални фондове ( старопечатни, редки и ценни, фонд М. Арнаудов) 747978 Регионална библиотека "Любен Каравелов" Русе Регионална библиотека "Любен Каравелов" Русе Фонд "Михаил Арнаудов" 2019-10-22 Фонд "Михаил Арнаудов" 8.00   МА 3507 120000836794   4.09   Книги
  Не е изгубен Universal Decimal Classification Не е повреден   Специални фондове ( старопечатни, редки и ценни, фонд М. Арнаудов) 747979 Регионална библиотека "Любен Каравелов" Русе Регионална библиотека "Любен Каравелов" Русе Фонд "Михаил Арнаудов" 2019-10-22 Фонд "Михаил Арнаудов" 8.00   МА 3507 120000836793   4.09   Книги
Vip Innovations Ltd, Rousse, Bulgaria 2025